LEADER 01205nam a2200301 a 4500 001 000000124942 003 CaOOAMICUS 005 20110406120122.0 008 110406s2011 it u000 u ita r 020 $a978-88-311-3784-3 040 $aPUL$bita 082 04$a227 100 1 $aChiarazzo, Rosario.$0(OLS)http://pul/name/35563 245 10$aLettera di Giacomo /$cRosario Chiarazzo. 260 $aRoma :$bCittà Nuova,$c©2011. 300 $a149 p. ;$c21 cm 490 1 $aNuovo Testamento : commento esegetico e spirituale 504 $aBibliografia p. 145-146. 630 04$aBiblia.$pN.T.$pIacobi epistola$xCommenti.$0(OLS)http://pul/subject/37540 830 0$aNuovo Testamento : commento esegetico e spirituale.$0(OLS)http://pul/title/64675 850 $aPUL 852 $aPUL$W1$xSL Religione 3$y85$m227 CHIRO 1$j143841$qDDC 21$B142879$CPULBib$Z2$F142879 $H116683 $82 941 1 $a9 996 $6020$a978-88-311-3784-3$9(OLS)http://pul/number/146862 996 $6082$a227$9(OLS)http://pul/classification/522 996 $6245$aLettera di Giacomo$9(OLS)http://pul/title/104161 996 $6260$aRoma :$bCittà Nuova$9(OLS)http://pul/publisher/47927 LEADER 01191nam a2200289 a 4500 001 000000141730 003 CaOOAMICUS 005 20150211094201.0 008 150211s1995 it u000 u ita r 020 $z8822242939* 040 $aPUL$bita 100 1 $aViolante, Cinzio,$d1921-$0(OLS)http://pul/name/1223 245 14$aLa "cortesia" chiericale e borghese nel Duecento /$cCinzio Violante. 260 $aFirenze :$bLeo S. Olschki,$c1995. 300 $a109 p. ;$c21 cm 490 1 $aSaggi di Lettere italiane ;$v49 504 $aBibliografia in nota. 600 04$aSalimbene da Parma,$cO.F.M.,$d1221-1287$tChronica.$0(OLS)http://pul/subject/22537 830 0$aSaggi di Lettere italiane ;$v49.$0(OLS)http://pul/title/179377 850 $aPUL 852 $aPUL$W1$xDP1 Fondo Capitani$y116$m9 A 81$j163561$qFondi$B163560$CPULBib$Z2$F163560 $HCap1669 $82 941 1 $a1 961 $aDedica autografa dell'A. 996 $6020$z8822242939*$9(OLS)http://pul/number/156919 996 $6245$aLa "cortesia" chiericale e borghese nel Duecento$9(OLS)http://pul/title/179376 996 $6260$aFirenze :$bLeo S. Olschki$9(OLS)http://pul/publisher/48288 LEADER 01349nam a2200301 i 4500 001 000000104494 003 CaOOAMICUS 005 20070330110001.0 008 070330s2006 it u000 u ita c 020 $a88-16-40751-4 040 $aUSC$bita$dPUL$dLDA 041 1 $aita$hfre 100 1 $aDerrida, Jacques,$d1930-2004.$0(OLS)http://pul/name/26755 240 12$aL'animal que donc je suis.$lItaliano.$f2006.$0(OLS)http://pul/title/131450 245 12$aL'animale che dunque sono /$cJacques Derrida ; edizione stabilita da Marie-Louise Mallet ; introduzione all'edizione italiana di Gianfranco Dalmasso . 260 $aMilano :$bJaca Book,$c2006. 300 $a222 p. ;$c23 cm 490 1 $aDi fronte e attraverso ;$v0751 500 $aTrad. di M. Zannini. 700 1 $aMallet, Marie-Louise.$0(OLS)http://pul/name/64156 700 1 $aDalmasso, Gianfranco,$d1943-$0(OLS)http://pul/name/26756 830 0$aDi fronte e attraverso ;$v0751.$0(OLS)http://pul/title/138 850 $aPUL 852 $aPUL$W1$xSL Filosofia 3$y81$m194 DERJA 1$j105189$qDDC 21$B116919$CPULBib$Z2$F116919 $H103019 $82 941 1 $a9 996 $6020$a88-16-40751-4$9(OLS)http://pul/number/133994 996 $6245$aL'animale che dunque sono$9(OLS)http://pul/title/131451 996 $6260$aMilano :$bJaca Book$9(OLS)http://pul/publisher/47900